| 000 | 00499nam a22001817a 4500 | ||
|---|---|---|---|
| 003 | BD-ChCU | ||
| 005 | 20260112133514.0 | ||
| 008 | 260112b bg ||||| |||| 00| 0 ben d | ||
| 040 | _cBD-ChCU | ||
| 082 | _a537.1 SUB | ||
| 100 |
_aSuffern , Maurica Grayle . _919035 |
||
| 245 |
_aBasic electrical principles ./ _cMaurice Grayle , Suffern . |
||
| 250 | _a2nd ed. | ||
| 260 |
_aNew York : _bMcgraw -hill , _cC 1956 |
||
| 300 | _aix , 454p | ||
| 650 | 0 |
_aElectricity . _919036 |
|
| 942 |
_2ddc _cBK _n0 |
||
| 999 |
_c110933 _d110933 |
||